000 00663nja a2200205 a 4500
003 BLK
005 20240824005347.0
008 180414c bul|r|ner|||| 00| c0bul d
010 _aNOT00003221029
040 _aBLK
100 _aГлинка, Михаил Иванович
_9367626
245 1 0 _aПолка
_cМихаил Иванович Глинка.
257 _aBGR
380 _a7
773 _0316527
_9669413
_aГлинка, Михаил Иванович
_tМалкият пианист
852 _aЦб М ІІ 267
942 _cNOT
_n0
944 _aCR
_c20.08.2010
_k
_lCRON CRON
944 _aED
_c29.02.2016
_kИрена_Линкова
999 _c316556
_d316556